[Event "Lille Luce op 4th"]
[Site "Lille"]
[Date "2013.04.13"]
[Round "1"]
[White "Ballenghien, Bernard"]
[Black "Claudon, Andreas"]
[Result "1-0"]
[WhiteElo "1521"]
[BlackElo "1324"]
[PlyCount "29"]
[EventDate "2013.04.13"]
[EventType "swiss"]
[EventRounds "9"]
[EventCountry "FRA"]
[SourceTitle "CBM 154 Extra"]
[Source "ChessBase"]
[SourceDate "2013.06.25"]
[SourceVersion "2"]
[SourceVersionDate "2013.06.25"]
[SourceQuality "1"]

1. e4 e5 2. Nf3 Nc6 3. d4 exd4 4. Nxd4 Nxd4 5. Qxd4 d6 6. Nc3 Be6 7. Bd3 Qf6 8. Qa4+ Bd7 9. Qa5 b6 10. Qh5 g6 11. Qe2 Bg7 12. Nd5 Qd8 13. c3 Ne7 14. Bg5 Bf8 15. Nf6# 1-0